00400nam a2200169Ia 4500008004100000020001400041050001600055100001800071245003400089245002100123260001500144260001600159260000900175300001600184300002000200300001000220170918s9999 xx 000 0 und d a439189322 bG799su 1973 aGreene, Bette aSummer of my German soldier / cby Bette Greene. aNew York : bScholastic, c1973 a230 pages : billustrations ; c17cm.